000 00314nam a2200133 i 4500
001 bg
100 1 _aZWOLIŃSKA, Krystyna
245 0 _aMała technologia malarstwa /
_cK. Zwolińska.
260 _aWarszawa,
_c1989.
040 _cBPK
041 _apol
942 _cKS
008 s pl f |000 0 pol
999 _c10255
_d10255
856 _uhttp://koha.tu.koszalin.pl/cgi-bin/koha/opac-detail.pl?biblionumber=10255
_yKatalog online BPK